000 00210 a2200097 4500
001 18943
100 _aGodfray H
245 _aTreatise on astronomy
260 _a
_bMacmillan & Co
_c1886
090 _c14031
_d14031
942 _aNUST-CAE
_cM
_c4483
999 _c254016
_d254016